|
|
|
|
| LEADER |
01511nam a2200289 a 4500 |
| 001 |
GR-Patra18062 |
| 008 |
041006s gr e 000 0 gre d |
| 020 |
|
|
|a 9604111663
|
| 040 |
|
|
|a GrPaTEI
|b gre
|c GR-PaULI
|
| 040 |
|
|
|a GrPaTEI
|b gre
|c GR-PaULI
|
| 082 |
|
0 |
|a 534
|2 21
|
| 100 |
1 |
|
|a ΣΚΑΡΛΑΤΟΣ, ΔΗΜΗΤΡΗΣ
|
| 245 |
1 |
0 |
|a Εφαρμοσμένη ακουστική /
|c Δημήτρης Σκαρλάτος.
|
| 250 |
|
|
|a 2η έκδ.
|
| 260 |
|
|
|a Αθήνα :
|b Ίων :
|b c2001
|
| 300 |
|
|
|a 397σ.
|
| 500 |
|
|
|a Τμήμα Ανακαίνισης και Αποκατάστασης Κτιρίων: 26850-26854
|
| 504 |
|
|
|a Βιβλιογραφία: σ.390-391
|
| 610 |
2 |
4 |
|a Τμήμα Ανακαίνισης και Αποκατάστασης Κτιρίων
|
| 650 |
|
4 |
|a ΑΚΟΥΣΤΙΚΗ
|
| 710 |
0 |
|
|a Ιων
|
| 942 |
|
|
|2 ddc
|
| 952 |
|
|
|0 0
|1 0
|2 ddc
|4 0
|6 534_000000000000000_ΣΚΟ
|7 0
|9 298019
|a LISK
|b LISK
|c BSC
|d 2021-01-17
|e 24
|f 0
|g 0.00
|l 0
|o 534 ΣΚΟ
|p 92410026850
|r 2021-01-17 00:00:00
|t 1
|w 2021-01-17
|y BK15
|x 20041006 0 1
|x GrPaTEI
|
| 952 |
|
|
|0 0
|1 0
|2 ddc
|4 0
|6 534_000000000000000_ΣΚΟ
|7 0
|9 298020
|a LISK
|b LISK
|c BSC
|d 2021-01-17
|e 24
|f 0
|g 0.00
|l 0
|o 534 ΣΚΟ
|p 92410026851
|r 2021-01-17 00:00:00
|t 1
|w 2021-01-17
|y BK15
|x 20041006 0 1
|x GrPaTEI
|
| 952 |
|
|
|0 0
|1 0
|2 ddc
|4 0
|6 534_000000000000000_ΣΚΟ
|7 0
|9 298022
|a LISK
|b LISK
|c BSC
|d 2021-01-17
|e 24
|f 0
|g 0.00
|l 0
|o 534 ΣΚΟ
|p 92410026853
|r 2021-01-17 00:00:00
|t 1
|w 2021-01-17
|y BK15
|x 20041006 0 1
|x GrPaTEI
|
| 971 |
|
|
|a .b26655779
|b 16-04-20
|c 23-09-16
|
| 999 |
|
|
|c 173507
|d 173507
|